عرض عادي عرض مارك
  • Drug Therapy

مدخل مصطلح موضوعي

عدد التسجيلات المستخدمة في: 3

001 - رقم الضبط

  • حقل الضبط: 11603

003 - معرف رقم الضبط

  • حقل الضبط: OSt

005 - تاريخ ووقت أخر عملية

  • حقل الضبط: 20120419052255.0

008 - عناصر بيانات ثابتة الطول

  • حقل تحكم ثابت الطول: 120419|||a|||||| | ||| d

040 ## - مصدر الفهرسة

  • هيئة الفهرسة الأصلية: OSt
  • وكالة الكتابة: OSt

150 ## - مدخل-- مصطلح تاريخي

  • عنصر مدخل المصطلح الموضوعي او الاسم الجغرافي: Drug Therapy
  • تفريع عام: nursing
  • تفريع شكلي: Nurses' Instruction.

670 ## - بيانات المصدر موجوده

  • الاستشهاد بالمصدر: Work cat.: (OSt)23535: Wilson, Billie Ann. 11590, Pearson nurse's drug guide 2011 /, c2011.